[Event "Chigorin Memorial 19th"]
[Site "St Petersburg"]
[Date "2011.10.15"]
[Round "2"]
[White "Pashinsky, Mikhail"]
[Black "Chigaeva, Anastasia"]
[Result "1-0"]
[WhiteElo "2228"]
[BlackElo "1963"]
[PlyCount "71"]
[EventDate "2011.10.14"]
[EventType "swiss"]
[EventRounds "9"]
[EventCountry "RUS"]
[SourceTitle "CBM 144 Extra"]
[Source "ChessBase"]
[SourceDate "2011.10.28"]
[SourceVersion "1"]
[SourceVersionDate "2011.10.28"]
[SourceQuality "1"]

1. e4 c5 2. Nc3 Nc6 3. Bb5 g6 4. Bxc6 dxc6 5. d3 Bg7 6. Be3 b6 7. h3 e6 8. Nf3 Ne7 9. Qd2 f5 10. Bh6 0-0 11. 0-0-0 Re8 12. Bxg7 Kxg7 13. h4 h5 14. Qf4 Ng8 15. d4 Qe7 16. exf5 cxd4 17. Qe5+ Qf6 18. Rxd4 c5 19. Rd6 Qxe5 20. Nxe5 gxf5 21. Re1 Bb7 22. Ne2 Nf6 23. Nf4 Bc8 24. f3 Kf8 25. Nfg6+ Kg7 26. c4 Ba6 27. Nf4 Bc8 28. Re3 Kf8 29. Nfg6+ Kg7 30. Ra3 Nd7 31. Rad3 Nxe5 32. Nxe5 Kf6 33. f4 Re7 34. Rd8 Bb7 35. Rg3 Rh7 36. Rg6+ 1-0

[Event "Ivanovo op"]
[Site "Ivanovo"]
[Date "2010.10.21"]
[Round "6"]
[White "Telegin, Andrey"]
[Black "Pashinsky, Mikhail"]
[Result "0-1"]
[WhiteElo "2012"]
[BlackElo "2229"]
[PlyCount "56"]
[EventDate "2010.10.15"]
[EventType "swiss"]
[EventRounds "9"]
[EventCountry "RUS"]
[SourceTitle "EXT 2011"]
[Source "ChessBase"]
[SourceDate "2010.11.26"]
[SourceVersion "1"]
[SourceVersionDate "2010.11.26"]
[SourceQuality "1"]

1. d4 Nc6 2. g3 e5 3. dxe5 Nxe5 4. Bg2 Nf6 5. Nf3 Nxf3+ 6. Bxf3 d5 7. 0-0 Be7 8. c3 0-0 9. Qc2 Be6 10. Nd2 Qd7 11. e4 Rad8 12. exd5 Bxd5 13. Bxd5 Qxd5 14. Re1 Rfe8 15. Nf1 h5 16. Bf4 Bc5 17. b4 Bf8 18. c4 Qf3 19. Rxe8 Rxe8 20. Qb3 Qg4 21. Kg2 h4 22. h3 Qf5 23. Ne3 Qe4+ 24. f3 Qe6 25. g4 Bd6 26. Bxd6 Qxd6 27. Nf1 Re2+ 28. Kh1 Qd4 0-1

[Event "Ivanovo op"]
[Site "Ivanovo"]
[Date "2010.10.17"]
[Round "3"]
[White "Pashinsky, Mikhail"]
[Black "Belyaev, Mikhail Sergeevich"]
[Result "1/2-1/2"]
[WhiteElo "2229"]
[BlackElo "1997"]
[PlyCount "22"]
[EventDate "2010.10.15"]
[EventType "swiss"]
[EventRounds "9"]
[EventCountry "RUS"]
[SourceTitle "EXT 2011"]
[Source "ChessBase"]
[SourceDate "2010.11.26"]
[SourceVersion "1"]
[SourceVersionDate "2010.11.26"]
[SourceQuality "1"]

1. d4 d5 2. c4 e6 3. Nc3 Nf6 4. Bg5 Be7 5. e3 0-0 6. Nf3 Nbd7 7. Rc1 c6 8. Bd3 h6 9. Bh4 b6 10. cxd5 cxd5 11. 0-0 Bb7 1/2-1/2

[Event "Ivanovo op"]
[Site "Ivanovo"]
[Date "2010.10.16"]
[Round "2"]
[White "Sirotkina, Tatiana"]
[Black "Pashinsky, Mikhail"]
[Result "0-1"]
[WhiteElo "1901"]
[BlackElo "2229"]
[PlyCount "142"]
[EventDate "2010.10.15"]
[EventType "swiss"]
[EventRounds "9"]
[EventCountry "RUS"]
[SourceTitle "EXT 2011"]
[Source "ChessBase"]
[SourceDate "2010.11.26"]
[SourceVersion "1"]
[SourceVersionDate "2010.11.26"]
[SourceQuality "1"]

1. d4 Nf6 2. c4 g6 3. Nc3 d5 4. Bf4 Bg7 5. e3 c5 6. dxc5 Qa5 7. Qa4+ Qxa4 8. Nxa4 Na6 9. Rd1 Bd7 10. Nc3 dxc4 11. Bxc4 Nxc5 12. Nf3 0-0 13. Ne5 Be6 14. 0-0 Rfd8 15. h3 Bxc4 16. Nxc4 Nd3 17. Bh2 Rac8 18. b3 Nb4 19. a3 Nc6 20. a4 Nd7 21. Nb5 Nc5 22. Rb1 Rd3 23. Rfd1 Rcd8 24. Rxd3 Rxd3 25. Bc7 Rxb3 26. Rxb3 Nxb3 27. Kf1 Nc5 28. a5 a6 29. Nba3 Bc3 30. Ke2 Nb3 31. Kd3 Bxa5 32. Nxa5 Nbxa5 33. Bxa5 Nxa5 34. Kd4 Nc6+ 35. Kc5 Kf8 36. Kb6 Nd8 37. Nc4 Ke8 38. Ne5 f6 39. Nd3 Kd7 40. Nc5+ Kd6 41. Ne4+ Kd5 42. f3 Ne6 43. Kxb7 Nc5+ 44. Nxc5 Kxc5 45. Kxa6 Kc4 46. Kb6 Kd3 47. e4 Kd4 48. Kc6 e5 49. Kd6 f5 50. exf5 gxf5 51. g4 f4 52. h4 e4 53. fxe4 f3 54. e5 f2 55. e6 f1Q 56. e7 Qb5 57. g5 Qe8 58. h5 Qxh5 59. Kd7 Qf7 60. Kd8 Qd5+ 61. Kc7 Qe6 62. Kd8 Qd6+ 63. Ke8 Kd5 64. Kf7 Qf4+ 65. Kg7 Qxg5+ 66. Kf7 Qg6+ 67. Kf8 Qf6+ 68. Kg8 Qxe7 69. Kh8 Ke6 70. Kg8 Kf6 71. Kh8 Qg7# 0-1

[Event "St Petersburg-ch sf"]
[Site "St Petersburg"]
[Date "2010.02.21"]
[Round "9"]
[White "Pashinsky, Mikhail"]
[Black "Martynov, Pavel1"]
[Result "1-0"]
[WhiteElo "2229"]
[BlackElo "2078"]
[PlyCount "75"]
[EventDate "2010.02.13"]
[EventType "swiss"]
[EventRounds "9"]
[EventCountry "RUS"]
[SourceTitle "CBM 135 Extra"]
[Source "ChessBase"]
[SourceDate "2010.05.04"]
[SourceVersion "1"]
[SourceVersionDate "2010.05.04"]
[SourceQuality "1"]

1. Nc3 d5 2. e4 e6 3. d4 Bb4 4. e5 c5 5. a3 Bxc3+ 6. bxc3 Ne7 7. Qg4 0-0 8. Bd3 f5 9. exf6 Rxf6 10. Qh5 g6 11. Qd1 Nbc6 12. Bg5 Rf7 13. Nf3 Qf8 14. 0-0 c4 15. Be2 h6 16. Bc1 Bd7 17. a4 Qg7 18. Ba3 g5 19. h3 Ng6 20. Bd6 Kh7 21. Re1 Qf6 22. Qd2 Rg8 23. Bd1 Qf5 24. a5 Nf4 25. Ne5 Nxe5 26. Bxe5 h5 27. Bxf4 gxf4 28. Re5 Qg6 29. Rxh5+ Kg7 30. Bf3 Kf8 31. Re1 Ba4 32. Rh4 Qf6 33. Rg4 Rh8 34. Qc1 Bc6 35. Qa3+ Ke8 36. Qd6 Rh6 37. Rg8+ Rf8 38. Rxe6+ 1-0

[Event "St Petersburg-ch sf"]
[Site "St Petersburg"]
[Date "2010.02.19"]
[Round "7"]
[White "Ganichev, Alexander"]
[Black "Pashinsky, Mikhail"]
[Result "1/2-1/2"]
[WhiteElo "2131"]
[BlackElo "2229"]
[PlyCount "144"]
[EventDate "2010.02.13"]
[EventType "swiss"]
[EventRounds "9"]
[EventCountry "RUS"]
[SourceTitle "CBM 135 Extra"]
[Source "ChessBase"]
[SourceDate "2010.05.04"]
[SourceVersion "1"]
[SourceVersionDate "2010.05.04"]
[SourceQuality "1"]

1. e4 e5 2. Nf3 Nc6 3. Bb5 Nf6 4. Qe2 Bd6 5. c3 0-0 6. 0-0 Re8 7. d3 h6 8. Nh4 a6 9. Ba4 b5 10. Bb3 Na5 11. Bc2 c5 12. Qf3 Bf8 13. d4 cxd4 14. cxd4 d5 15. dxe5 dxe4 16. Qf4 g5 17. Qxf6 Qxf6 18. exf6 gxh4 19. Re1 Bb7 20. Nd2 Rac8 21. Bxe4 Bb4 22. f3 Rxc1 23. Rexc1 Bxd2 24. Rc7 Bxe4 25. fxe4 Bg5 26. b3 Rxe4 27. Rc8+ Kh7 28. Rf1 Re6 29. Rf8 Bxf6 30. Rxf7+ Kg6 31. Rc7 Bd4+ 32. Kh1 Bb6 33. Rc8 Nc6 34. Rg8+ Kh7 35. Rg4 Ne5 36. Rxh4 Nd3 37. h3 Nf2+ 38. Kh2 Re2 39. a4 Bc7+ 40. Kg1 Bg3 41. Rh5 bxa4 42. bxa4 Kg6 43. Ra5 h5 44. Rxa6+ Kg7 45. Rb1 Re7 46. Rab6 Ne4 47. Rb7 Bc7 48. Re1 Kf6 49. Rxc7 Rxc7 50. Rxe4 Rc2 51. Re8 Ra2 52. Ra8 h4 53. a5 Ra1+ 54. Kh2 Kg7 55. a6 Kh7 56. a7 Kg7 57. g4 hxg3+ 58. Kxg3 Kh7 59. h4 Ra3+ 60. Kf4 Ra4+ 61. Ke3 Ra3+ 62. Kd4 Ra4+ 63. Kc5 Ra1 64. h5 Rc1+ 65. Kb4 Rb1+ 66. Kc3 Ra1 67. h6 Ra6 68. Kb4 Ra1 69. Kc5 Rc1+ 70. Kb4 Rb1+ 71. Kc3 Ra1 72. Kb3 Ra6 1/2-1/2